1927 1341 1066 1712 1364 1890 1261 1190 1103 1439 1456 1751 1423 1733 1223 1240 1265 1452 1705 1829 1130 1849 1059 1771 1197 1697 1409 1549 1719 1717 1894 1093 1539 1489 1710 1312 1037 1233 1198 1259 1215 1048 1404 1457 1880 1065 1130 1931 1704 1913 1738 1255 1385 1872 1493 1980 1087 1332 1625 1615 1963 1277 1839 1763 1628 1958 1900 1141 1701 1869 1143 1901 1876 1723 1022 1005 1018 1078 1491 1401 1517 1485 1570 1702 1639 1463 1418 1013 1597 1795 1074 1604 1083 1952 1524 1693 1710 1458 1804 BCNSPRNW ULIB Ver.6.0+V

เปลี่ยนเป็นภาษาไทย

Change to English
 แสดงรายละเอียดบรรณานุกรม
  กลับหน้าหลัก

Brief Record : Get Marc (ISO 2709) : E-mail record : QR code < ปิดหน้าต่าง
LEADER : 00000nam 2200000uu 4500
001    13399114432
003     ULIB
008    110627s||||||||th 000 0 tha d
020    974319497
098    นว.^bม162ต
100 0  มนันยา
245 00 ตกโลงปลงใจ/^cมนันยา
250    พิมพ์ครั้งที่ 1
260    กรุงเทพฯ :^bสามสี,^c2544
300    254 หน้า
710 1  สามสี
945    ^p100^l0^i031542
995    ทศพร
999 ^a ใช้งานได้ทุกระบบ
รายการนี้ยังไม่มีแท็ก
คุณยังไม่ได้ล็อกอิน คุณสามารถมีกิจกรรมร่วมกับเว็บไซต์ได้ แต่ต้องล็อกอินก่อน ::
  ล็อกอิน

รายการสื่อสารสนเทศ

ลำดับที่ ประเภท เลขเรียก/บาร์โค้ด สถานที่ สถานะ
1. นวนิยาย
นวนิยาย
 ฉ.1 
  Barcode: 031542
ห้องสมุดวิทยาเขตสวรรค์ประชารักษ์
►นวนิยาย
บนชั้น
  ขอยืม

รายการใกล้เคียง
    ผู้แต่ง [มนันยา]

BibComment


ยังไม่เคยถูกคอมเมนท์

คอมเมนท์ทรัพยากรรายการนี้
  คอมเมนท์: ตกโลงปลงใจ มนันยา


 Copyright 2026. Bcnsprnw @Library